000 00692nam a2200205 i 4500
001 134246
003 ES-MaACL
005 20231102063034.0
007 t|
008 070907s1944 ag ||||1| spa d
100 1 _aWassermann, Jakob,
_d1873-1934
_9116154
245 1 0 _aGolovin y el crimen mágico /
_cJakob Wassermann ; [traducción de F. Oliver Brachfeld y Alfredo Cahn] ; prólogo de Lázaro Liacho.
260 _aBuenos Aires :
_bSantiago Rueda,
_c[1944]
300 _a264 p. ;
_c21 cm.
700 1 _aOliver Brachfeld, F.
_986832
700 1 _aCahn, Alfredo.
_933446
700 1 _aLiacho, Lázaro.
_972145
852 _aES-MaACL
_jE-1850
_bR.22854
999 _c134246
_d134246